Plantas legendarias / (Registro nro. 59619)

Detalles MARC
000 -CABECERA
Longitud fija campo de control 01773nam a2200349 c 4500
003 - • IDENTIFICADOR DELl NÚMERO DE CONTROL
Identificador del número de control CO-BoRNBP
005 - • FECHA Y HORA DE LA ÚLTIMA TRANSACCIÓN
Fecha y hora de la última transacción 20251024151836.0
007 - • CAMPO FIJO DE DESCRIPCIÓN FÍSICA
Campo fijo de descripción física ta
008 - • CÓDIGOS DE INFORMACIÓN DE LONGITUD FIJA
Códigos de información de longitud fija 250201s2025 ck a ||gr ||| 00| 0 spa d
020 ## - • NÚMERO INTERNACIONAL NORMALIZADO PARA LIBROS
Número Internacional Normalizado para Libros (ISBN) 9786287589582
040 ## - FUENTE DE LA CATALOGACIÓN
Centro catalogador de origen CO-BoRNBP
Lengua de catalogación spa
Normas de descripción rda
Centro transcriptor CO-BoRNBP
041 1# - • CÓDIGO DE LENGUA
Código de lengua del texto/banda sonora o título independiente spa
Código de lengua original eng
082 04 - • NÚMERO DE LA CLASIFICACIÓN DECIMAL DEWEY
Número de clasificación (R) 581
Número del ítem H17p
Número de edición 23
100 ## - • PUNTO DE ACCESO PRINCIPAL-NOMBRE DE PERSONA
Nombre de persona Harris, Stephen
Fechas asociadas al nombre 1966-
Término indicativo de función aut
245 10 - • TITULO PROPIAMENTE DICHO
Título Plantas legendarias /
Mención de responsabilidad, etc. Stephen Harris ; traducción Juan Fernando Hincapie :50 plantas que cambiaron el mundo.
250 ## - • MENCIÓN DE EDICIÓN
Mención de edición Edición especial
264 #1 - PRODUCCIÓN, PUBLICACIÓN , DISTRIBUCIÓN, FABRICACIÓN Y COPYRIGHT
Lugar de producción, publicación, distribución, fabricación Bogotá, Colombia :
Nombre del productor, editor, distribuidor, fabricante Rey Naranjo,
Fecha de de producción, publicación, distribución, fabricación o copyright 2025
300 ## - • DESCRIPCIÓN FÍSICA
Extensión 368 páginas :
Otras características físicas ilustraciones en blanco y negro
336 ## - TIPO DE CONTENIDO
Término de tipo de contenido texto
Código de tipo de contenido txt
Fuente rdacontent
337 ## - TIPO DE MEDIO
Nombre del tipo de medio sin mediación
Código del tipo de medio n
Fuente rdamedia
338 ## - TIPO DE SOPORTE
Nombre del tipo de soporte volumen
Código del tipo de soporte nc
Fuente rdacarrier
504 ## - • NOTA DE BIBLIOGRAFÍA, ETC
Nota de bibliografía, etc. Incluye bibliografía
520 ## - • NOTA DE RESUMEN
Resumen, etc, Las 50 plantas que el autor reseña han sido indispensables en el desarrollo de la humanidad, desde los antiguos neumáticos de caucho natural, que acompañaron el nacimiento de la industria del automóvil, hasta el maíz, la papa o el café, que han sido fundamentales en la alimentación universal. Nos proporcionan los alimentos que comemos, los medicamentos que tomamos, el combustible que usamos y, por supuesto, el oxígeno que respiramos. Las plantas han sido indispensables para los seres humanos durante milenios y han tenido un impacto profundo, a menudo inesperado, en nuestra vida cotidiana
521 ## - • NOTA DE PÚBLICO DESTINATARIO
Nota público destinatario (R ) Recomendado para un público mayor de 18 años
650 07 - • PUNTO DE ACCESO ADICIONAL DE MATERIA - TÉRMINO DE MATERIA
Término de materia o nombre geográfico como elemento inicial Botánica económica
Fuente del encabezamiento o término lemb
650 07 - • PUNTO DE ACCESO ADICIONAL DE MATERIA - TÉRMINO DE MATERIA
Término de materia o nombre geográfico como elemento inicial Etnobotanica
Fuente del encabezamiento o término LEMB
650 07 - • PUNTO DE ACCESO ADICIONAL DE MATERIA - TÉRMINO DE MATERIA
Término de materia o nombre geográfico como elemento inicial Plantas comestibles
Fuente del encabezamiento o término lemb
650 07 - • PUNTO DE ACCESO ADICIONAL DE MATERIA - TÉRMINO DE MATERIA
Término de materia o nombre geográfico como elemento inicial Plantas medicinales
Fuente del encabezamiento o término lemb
700 ## - • PUNTO DE ACCESO ADICIONAL - NOMBRE DE PERSONA
Nombre de persona Hincapié, Juan Fernando
Fechas asociadas al nombre 1978-
Término indicativo de función trl
942 ## - ENTRADA DE ELEMENTOS AGREGADOS (KOHA)
Fuente de clasificaión o esquema Dewey Decimal Classification
Koha [por defecto] tipo de item LIbro
Existencias
Perdido Fuente de clasificación o esquema Estado Físico No para préstamo Localización permanente Localización actual Localización en estanterías Fecha adquisición Préstamos totales Signatura completa Código de barras Fecha última consulta Número de copia Fecha del precio de reemplazo Tipo de item de Koha Forma de adquisición Fuente de adquisición Calificador de ubicación codificada
  Dewey Decimal Classification     Biblioteca Pública Lejanias Biblioteca Pública Lejanias General 10/24/2025   581 H17p LEJ00994 10/24/2025 Ej.1 10/24/2025 LIbro      
  Dewey Decimal Classification     Biblioteca Pública La Macarena Biblioteca Pública La Macarena General 11/05/2025   581 H17p LM03542 11/05/2025 Ej.1 11/05/2025 LIbro Colección General    
  Dewey Decimal Classification     Biblioteca Pública Mapiripan Biblioteca Pública Mapiripan General 10/31/2025   581 H17p MAP00004608 10/31/2025 Ej.1 10/31/2025 LIbro Colección General    
  Clasificación Local Facetada     Biblioteca Pública Puerto Concordia Biblioteca Pública Puerto Concordia General 02/12/2026   581 H17p PCON01008 02/12/2026 Ej.1 02/12/2026 LIbro Colección General    
  Dewey Decimal Classification     Biblioteca Pública Rural El Yarí- vereda Playa Rica La Macarena Biblioteca Pública Rural El Yarí- vereda Playa Rica La Macarena General 10/23/2025   581 H17p 9786287589582 11/10/2025 Ej.1 11/10/2025 LIbro Colección General ministerio de cultura 9786287589582
  Dewey Decimal Classification     Biblioteca Pública Uribe - Reinerio Arenas Biblioteca Pública Uribe - Reinerio Arenas General 02/02/2026   581 H17p URI03257 02/02/2026 Ej.1 02/02/2026 LIbro Colección General    









Instituto Departamental de Cultura del Meta - Red Departamental de Bibliotecas Públicas del Meta.